000 00822nam a2200241Ia 4500
005 20251020182448.0
008 200515s9999 xx 000 0 und d
082 _a620.1.62/V79
100 _aVan Vlack, Lawrence H.
245 0 _aMateriales para ingeniería
250 _a6a ed.
260 _aMéxico, D.F.
260 _bCOMPAÑÍA EDITORIAL CONTINENTAL
260 _c1974
300 _a540
300 _bil., tbl., graf.
500 _a1 ejemplar
520 _aDirigida específicamente al estudiante de ingeniería. En el primer capitulo el autor realiza una introducción para la orientación del lector en el estudio de la ingeniería, para familiarizarlo con la terminología aplicable a las propiedades de los materia
650 _aESTRUCTURAS
650 _aINGENIERIA
942 _cLIB
999 _c767
_d767